Cuentos de Eva luna /

Guardado en:
Autor Principal: Allende Llona, Isabel
Formato: Libro
Publicado: Buenos Aires : Sudamericana, 1990
Materias:
Etiquetas: Agregar Etiqueta
Sin Etiquetas, Sea el primero en etiquetar este registro!
LEADER 00599nam a22002055a 4500
001 CEM.cems016795
008 130507s1990##################000#0#####d
005 20240619083049.0
245 1 0 |a Cuentos de Eva luna /  |c Isabel Allende. 
260 |a Buenos Aires :  |b Sudamericana,  |c 1990 
300 |a 283 p. 
020 |a 9500705869 
100 1 |a Allende Llona, Isabel 
082 0 4 |a CH868.4 
653 |a Cuentos 
653 |a Literatura chilena siglo 20 
653 |a Literatura chilena 
653 |a Literatura 
653 |a Realismo mágico 
859 |a CEMS  |b BIB. CEMS - Agricultura  |h CH868.4  |i Al547a26  |p A19662.98  |t Ej.1